| 000 -LEADER |
| fixed length control field |
00891cam a2200241 a 4500 |
| 003 - CONTROL NUMBER IDENTIFIER |
| control field |
OSt |
| 005 - DATE AND TIME OF LATEST TRANSACTION |
| control field |
20200513122010.0 |
| 008 - FIXED-LENGTH DATA ELEMENTS--GENERAL INFORMATION |
| fixed length control field |
071012s2008 dcuab b 001 0 eng |
| 010 ## - LIBRARY OF CONGRESS CONTROL NUMBER |
| LC control number |
2007042296 |
| 016 7# - NATIONAL BIBLIOGRAPHIC AGENCY CONTROL NUMBER |
| Record control number |
014657748 |
| Source |
Uk |
| 020 ## - INTERNATIONAL STANDARD BOOK NUMBER |
| International Standard Book Number |
9781597261135 (pbk. : alk. paper) |
| 050 00 - LIBRARY OF CONGRESS CALL NUMBER |
| Classification number |
TC530 |
| Item number |
.B73 2008 |
| 082 00 - DEWEY DECIMAL CLASSIFICATION NUMBER |
| Classification number |
627/.12 |
| Edition number |
22 |
| 245 00 - TITLE STATEMENT |
| Title |
River futures : |
| Remainder of title |
an integrative scientific approach to river repair / |
| Statement of responsibility, etc |
edited by Gary J. Brierley and Kirstie A. Fryirs. |
| 260 ## - PUBLICATION, DISTRIBUTION, ETC. (IMPRINT) |
| Place of publication, distribution, etc |
Washington, DC : |
| Name of publisher, distributor, etc |
Island Press ; |
| Place of publication, distribution, etc |
Tucson, Ariz. : |
| Name of publisher, distributor, etc |
Society for Ecological Restoration International, |
| Date of publication, distribution, etc |
c2008. |
| 300 ## - PHYSICAL DESCRIPTION |
| Extent |
xvii, 304 p. : |
| Other physical details |
ill., maps ; |
| Dimensions |
26 cm. |
| 440 #4 - SERIES STATEMENT/ADDED ENTRY--TITLE |
| Title |
The science and practice of ecological restoration |
| 504 ## - BIBLIOGRAPHY, ETC. NOTE |
| Bibliography, etc |
Includes bibliographical references and index. |
| 650 #0 - SUBJECT ADDED ENTRY--TOPICAL TERM |
| Topical term or geographic name as entry element |
Rivers |
| General subdivision |
Regulation. |
| 700 1# - ADDED ENTRY--PERSONAL NAME |
| Personal name |
Brierley, Gary J. |
| 700 1# - ADDED ENTRY--PERSONAL NAME |
| Personal name |
Fryirs, Kirstie A. |
| 942 ## - ADDED ENTRY ELEMENTS (KOHA) |
| Source of classification or shelving scheme |
|